Osobný spis zamestnanca

Osobný spis zamestnanca a jeho vedenie. Obsah personálnej agendy.

Salvato in:
Dettagli Bibliografici
Autore principale: Mrukviová Tomiová, Sandra
Natura: Capitolo di libro
Lingua:slovacco
Soggetti:
Tags: Aggiungi Tag
Nessun Tag, puoi essere il primo ad aggiungerne!!

MARC

LEADER 00000naa a2200000 4500
001 0181572
005 20231120134232.7
041 0 |a slo 
044 |a SK 
245 1 0 |a Osobný spis zamestnanca  |c Sandra Mrukviová Tomiová 
520 |a Osobný spis zamestnanca a jeho vedenie. Obsah personálnej agendy. 
610 2 0 |a personalistika 
610 2 0 |a dokumentácia 
610 2 0 |a zamestnanci 
610 2 0 |a agenda osobná 
100 1 |a Mrukviová Tomiová, Sandra